| 000 | 00674nas a2200241 4500 | ||
|---|---|---|---|
| 001 | BR0304392 | ||
| 003 | BR-BrBNA | ||
| 005 | 20231205104029.0 | ||
| 007 | ta | ||
| 008 | 230509b bl.|||p| |||| 00| 00por d | ||
| 040 |
_aBR-BrBNA _bpor _cBiblioteca Nacional de Agricultura |
||
| 041 | _a(Es) | ||
| 072 | _aE50 | ||
| 100 | 1 | _aChiappe, M.B. | |
| 245 | 1 | _a"Cada uno a lo suyo" | |
| 650 | _aMULHER RURAL | ||
| 650 | _aSOCIOLOGIA RURAL | ||
| 650 | _aLIDERANÇA | ||
| 650 | _aPRODUÇÃO LEITEIRA | ||
| 773 | 0 |
_tAgricultura em São Paulo (Brazil) _xISSN 0044-6793 _g(2001), v. 48(2) p. 15-31 _wBR0304392 |
|
| 909 |
_a202311 _bLúcia _c55 _dLúcia Elande |
||
| 942 |
_2AGRIS _n0 _cANA |
||
| 999 |
_c176012 _d176012 |
||